AStudy of the Ethics of Spinoza (Ethica Ordine Geometrico Demonstrata) (Registro nro. 93063)

Detalles MARC
000 -ENCABEZADO
Número de control [NR] 00650nam a22001817a 4500
008 - DE LONGITUD FIJA DE DATOS DE ELEMENTOS - INFORMACIÓN GENERAL
Elementos de longitud fija [NR] 130821s1964 xxu gr eng
040 ## - FUENTE DE CATALOGACION [NR]
Agencia de catalogación original [NR] Co-BoUCM
Idioma de catalogación [NR] spa
041 00 - CODIGO DE IDIOMA [R]
Código de idioma para texto/pista de sonido o título separado [R] Inglés
100 1# - ASIENTO PRINCIPAL--NOMBRE PERSONAL [NR]
Nombre personal [NR] Joachim, Harold H.
-- (Harold Henry)
Fechas asociadas con el nombre [NR] 1868-1938.
ID Autoridad 172064
245 00 - MENCION DE TITULO [NR]
Título [NR] AStudy of the Ethics of Spinoza (Ethica Ordine Geometrico Demonstrata)
260 ## - PUBLICACION, DISTRIBUCION, ETC. (PIE DE IMPRENTA) [R]
Lugar de publicación, distribución, etc. [R] Nueva York (Estados Unidos)
Nombre del editor, distribuidor, etc. [R] Russell & Russell, Inc.
Fecha de publicación, distribución, etc. [R] [1964 1901]
300 ## - DESCRIPCION FISICA [R]
Extensión [R] xiv, 316 páginas
600 10 - ASIENTO SECUNDARIO DE MATERIA - NOMBRE PERSONAL [R]
Nombre personal [NR] Spinoza, Benedictus de
Subdivisión cronológica [R] 1632-1677
9 (RLIN) 134046
650 04 - ASIENTO SECUNDARIO DE MATERIA - TERMINO TEMATICO [R]
Término temático o nombre geográfico como elemento de entrada [NR] Ética
9 (RLIN) 195
650 04 - ASIENTO SECUNDARIO DE MATERIA - TERMINO TEMATICO [R]
Término temático o nombre geográfico como elemento de entrada [NR] Filosofía
9 (RLIN) 75
942 ## - ELEMENTOS DE ENTRADA AGREGADOS (KOHA)
Tipo de ítem principal el descrito en 300a Libro
Tema principal Filosofía
Edición 1
Parte restante de la signatura top. J621s
Sistema de clasificación DEWEY
Clasificación 199.492
Existencias
Fecha de último préstamo Total préstamos Signatura topográfica Código de barras Última vez visto Ejemplar Price effective from Tipo de ítem Perdido Sistema de clasificación Dañado No prestable Tipo de ítem específico Suprimido Ubicación habitual Ubicación actual Localización Fecha de creación Forma de adquisición Costo
16/04/2018 1 199.492 J621s 100084302 05/12/2025 Ej.1 03/02/2013 Libro   DEWEY     Libro   Claustro Claustro 2do piso 28/02/2013 Compra 23.52